00676nam a2200169 4500001000700000003000900007007000300016008004100019100003000060245008600090260003300176300001900209500011300228852002300341999001900364952012300383109123ES-MaACLt|061121s1909 gw r ||||1| ger d1 aMuckle, Friedrich.98402210aDie Geschichte der sozialistischen Ideen im 19. Jahrhundert / cFriedrich Muckle. aLeipzig : bTeubner, c1909. a2v. ; c19 cm. aContiene: Tomo I Der rationale Sozialismus. Tomo II Proudhon und der entwicklungsgeschichtliche Sozialismus. aES-MaACLjG-2943-4 c109123d109123 00104070aATENEOMbATENEOMcDEPO2d2008-01-17eSCl0oG-2943-4p1113861r2023-02-23 00:00:00w2023-02-23yMONOGRAFIA